000 00666nam a2200229Ia 4500
001 253
005 20251203123022.0
008 251203t2011||||xx |||||||||||||| ||spa||
020 _a9786124070334
041 _aESP
082 _aRO 465
_bR31
110 _aReal Academia Española
245 0 _aNueva gramática de la lengua española :
_bmorfología, sintaxis. Volúmenes 1-14
250 _aPrimera edición
260 _aLima :
_bEditorial Planeta Perú,
_c2011
300 _a212 páginas :
_b tablas ;
_c 26 cm.
_e
440 _a
_n
_v
650 _aLEN
653 _aGramática de la lengua española; Colección
654 _aCTP
942 _cLIB
_dJUS
_fMAT
_2ddc
_n
999 _c253
_d253